000 00785cpcaa22002297a 4500
001 mm 81001051
003 DLC
005 20260227111705.0
008 811109|||||||||||| eng
010 _amm 81001051
040 _aDLC
_cDLC
_edacs
_dDLC
072 7 _aC
_2lcmd
245 0 0 _aNarrative of the late dreadful storm in Holland :
_ktranscript,
_f1674.
300 _a1
_fitem.
506 0 _aOpen to research.
533 _aHandwritten transcript.
_b[S.l.].
546 _aCollection material in English.
580 _aForms part of: Miscellaneous Manuscripts collection.
650 0 _aStorms
_zNetherlands.
999 _c42966
_d42966